Proyecto de creación de una Caja de Crédito Comunal, presentado a la Asamblea en su primera reunión ordinaria (mayo de 1914) / Mancomunidad de Cataluña
Descripción Física:
31 p. ; 22 cm
Materias:
Caixa de Crèdit Comunal
MARC
| LEADER | 00000nam a2200000Ia 4500 | ||
|---|---|---|---|
| 001 | 788 | ||
| 008 | 160829s1914 xx 000 0 cat d | ||
| 080 | |a RF-4-23, DUP-65-25 | ||
| 110 | 2 | |a Catalunya. |b Mancomunitat |9 53015 | |
| 245 | |a Proyecto de creación de una Caja de Crédito Comunal, presentado a la Asamblea en su primera reunión ordinaria (mayo de 1914) / Mancomunidad de Cataluña | ||
| 260 | |a Barcelona : |b (Imp. Casa Prov. de Caridad), |c 1914 | ||
| 300 | |a 31 p. ; |c 22 cm | ||
| 590 | |a Hi ha un duplicat DUP-65-25 i a 3569, exp.1 | ||
| 650 | |a Caixa de Crèdit Comunal |9 24071 | ||
| 856 | 4 | |u https://media.diba.cat/diba/fitxers/arxiu/fulletons/bib_788_1914_baixa.pdf |y Accés lliure | |
| 856 | 4 | |u https://media.diba.cat/diba/fitxers/arxiu/fulletons/bib_788_1914_baixa.pdf |y Accés lliure | |
| 901 | |a Arxiu | ||
| 942 | |n 1 |2 udc | ||
| 952 | |0 0 |1 0 |4 0 |6 RF423_DUP6525 |7 1 |9 49326 |a Arxiu |b Arxiu |d 2016-12-01 |l 0 |o RF-4-23, DUP-65-25 |p 788 |r 2016-12-01 00:00:00 |w 2016-12-01 |y ARXIU | ||
| 999 | |c 53168 |d 53168 | ||
| 900 | |a bib_788_1914_baixa.pdf | ||